Missing Word: Summarizing with Speed Quiz Stats

 Plays Quiz Updated Aug 12, 2013

Support Sporcle.
Go Orange.
Score 0/27 Timer 03:00
0 Plays Today
Title Missing Word % Correct
An Officer and _ Gentlemana
98.9%
As Good as It ____gets
97.8%
A Nightmare __ Elm Streeton
96.3%
Hit the Road ____Jack
96.2%
____ Bill: Vol. 1kill
95.6%
Everybody _____ to Rule the Worldwants
92.2%
A View __ a Killto
92.1%
I'd Do Anything for Love (But I Won't Do ____)that
92%
The Magic School ___bus
90.1%
____ Me Maybecall.
89.3%
Breaking ___Bad
87.6%
Wreck-__ RalphIt
86.9%
_____ in the Middle with Youstuck
85.3%
Little Orphan _____Annie
84.5%
Title Missing Word % Correct
This __ Spinal Tapis
84.1%
Just __ with Itgo
84.1%
Tomorrow Never ____dies.
83%
Thar She _____!blows
82.2%
_____ Boothphone
81.9%
Family ___guy
79.5%
__ in the Airup.
78.2%
_____ Little Thing Called Lovecrazy
75.1%
____ Stopcan't
64.7%
__ Ways to Say Goodbyefifty.
61.7%
She Done ___ Wronghim.
60.9%
______ the DuckHoward
51.7%
The Enemy _____below
48.9%

Today's Daily Dose

You're not logged in!

Compare scores with friends on all Sporcle quizzes.
OR
Log In

From the Vault

Hidden Neighbors of Belgium

by markassonne

Sorry, no Belgium waffles in this quiz.
Remove Ads.
Support Sporcle.
Get the best of Sporcle when you Go Orange. This ad-free experience offers more features, more stats, and more fun while also helping to support Sporcle. Thank you for becoming a member.

Show Comments

Extras

Top Quizzes Today


Score Distribution

Your Account Isn't Verified!

In order to create a playlist on Sporcle, you need to verify the email address you used during registration. Go to your Sporcle Settings to finish the process.

Report this User

Report this user for behavior that violates our Community Guidelines.

Details: